|
|
|
|
| LEADER |
02503nam a2200637 a 4500 |
| 001 |
nkc20051583527 |
| 003 |
CZ PrNK |
| 005 |
20111031111156.0 |
| 007 |
ta |
| 008 |
050926s2005 xr f b 001 0 cze |
| 015 |
|
|
|a cnb001583527
|
| 020 |
|
|
|a 80-86791-16-5
|q (brož.)
|
| 035 |
|
|
|a (OCoLC)85163030
|
| 040 |
|
|
|a ABA001
|b cze
|
| 041 |
1 |
|
|a cze
|a lat
|h cze
|
| 043 |
|
|
|a e-xr---
|a e-gr---
|a e------
|a ff-----
|a aw-----
|
| 045 |
|
|
|a x9x9
|
| 072 |
|
7 |
|a 80
|x Filologie
|2 Konspekt
|9 11
|
| 080 |
|
|
|a 80(=124+14)
|2 MRF
|
| 080 |
|
|
|a 930.85(37/38)
|2 MRF
|
| 080 |
|
|
|a 016
|2 MRF
|
| 080 |
|
|
|a (437.3)
|2 MRF
|
| 080 |
|
|
|a (38)
|2 MRF
|
| 080 |
|
|
|a (37)
|2 MRF
|
| 245 |
0 |
0 |
|a Bibliografie řeckých a latinských studií v České republice 1993-1996 =
|b Bibliographia studiorum Graecorum et Latinorum in Re Publica Bohemica 1993-1996 /
|c sestavil Pavel Zavadil ; přehlédl Marek Dospěl
|
| 246 |
3 |
1 |
|a Bibliographia studiorum Graecorum et Latinorum in Re Publica Bohemica 1993-1996
|
| 250 |
|
|
|a Vyd. 1.
|
| 260 |
|
|
|a Praha :
|b KLP,
|c 2005
|
| 300 |
|
|
|a 137 s. ;
|c 21 cm
|
| 500 |
|
|
|a Vydáno ve spolupráci s Jednotou klasických filologů a Kabinetem pro klasická studia při Filozofickém ústavu
|
| 500 |
|
|
|a 350 výt.
|
| 500 |
|
|
|a Obsahuje rejstřík
|
| 546 |
|
|
|a Část. souběžný latinský text
|
| 648 |
|
4 |
|a 1993-1996
|
| 648 |
|
7 |
|a 1991-2000
|7 ch460587
|2 czenas
|
| 650 |
0 |
7 |
|a klasická filologie
|7 ph121598
|z Česko
|y 1991-2000
|2 czenas
|
| 650 |
0 |
7 |
|a antika
|7 ph118500
|2 czenas
|
| 650 |
0 |
9 |
|a classical philology
|z Czechia
|y 1991-2000
|2 eczenas
|
| 650 |
0 |
9 |
|a antiquity
|2 eczenas
|
| 651 |
|
7 |
|a starověké Řecko
|7 ge131513
|2 czenas
|
| 651 |
|
7 |
|a starověký Řím
|7 ge131512
|2 czenas
|
| 651 |
|
9 |
|a Greece
|2 eczenas
|
| 651 |
|
9 |
|a Rome
|2 eczenas
|
| 655 |
|
7 |
|a odborné bibliografie
|7 fd132950
|2 czenas
|
| 655 |
|
9 |
|a subject bibliography
|2 eczenas
|
| 700 |
1 |
|
|a Zavadil, Pavel,
|d 1974-
|7 xx0019076
|4 com
|
| 700 |
1 |
|
|a Dospěl, Marek,
|d 1977-
|7 pna2006362641
|4 com
|
| 710 |
2 |
|
|a Jednota klasických filologů
|7 ko2002102384
|
| 710 |
2 |
|
|a Filosofický ústav (Akademie věd ČR).
|b Kabinet pro klasická studia
|7 kn20050406012
|
| 856 |
4 |
1 |
|u http://www.digitalniknihovna.cz/mzk/uuid/uuid:eb8f3e30-7ddb-11e3-9be6-005056827e52
|y Digitalizovaný dokument
|x NDK
|
| 910 |
2 |
|
|a BOA001
|b 2-1211.809
|
| 928 |
9 |
|
|a KLP-Koniasch Latin Press
|
| 990 |
|
|
|a BK
|
| 995 |
|
|
|a 01
|
| 991 |
|
|
|b 200810
|c NOV
|
| 996 |
6 |
|
|b 2610355981
|c 2-1211.809
|l MZK
|r Sklad / do 1 hodiny
|n 1
|p p.v.
|w 000915236
|u 000010
|a 1
|e BOA001
|j MZK50
|s P
|